1567 1021 1847 1936 1809 1914 1484 1231 1648 1152 1135 1700 1605 1513 1577 1697 1475 1237 1134 1148 1197 1974 1834 1444 1746 1009 1468 1969 1941 1059 1781 1662 1475 1577 1071 1551 1787 1950 1729 1100 1990 1355 1820 1532 1805 1278 1347 1842 1838 1431 1144 1178 1506 1551 1522 1710 1763 1970 1388 1343 1092 1779 1561 1262 1039 1308 1675 1115 1616 1417 1318 1650 1191 1664 1120 1773 1628 1653 1172 1588 1609 1396 1383 1465 1177 1136 1009 1577 1405 1781 1247 1739 1105 1065 1306 1491 1549 1198 1398 BCNSPRNW ULIB Ver.6.0+V

เปลี่ยนเป็นภาษาไทย

Change to English
 แสดงรายละเอียดบรรณานุกรม
  กลับหน้าหลัก

Brief Record : Get Marc (ISO 2709) : E-mail record : QR code < ปิดหน้าต่าง
LEADER : 00000nam 2200000uu 4500
001    13399111862
003     ULIB
008    110627s2551||||th 000 0 tha d
020    9789741078257
090    นว.^bณ311ม 2551
100 0  ณัฏฐรัศมิ์
245 00 มายาสิเน่หา/^cณัฏฐรัศมิ์
250    พิมพ์ครั้งที่ 1
260    กรุงเทพฯ :^bทูบีเลิฟ,^c2551
300    436 หน้า
945    ^p350^l0^i023589
995    ทศพร
999 ^a ใช้งานได้ทุกระบบ
รายการนี้ยังไม่มีแท็ก
คุณยังไม่ได้ล็อกอิน คุณสามารถมีกิจกรรมร่วมกับเว็บไซต์ได้ แต่ต้องล็อกอินก่อน ::
  ล็อกอิน

รายการสื่อสารสนเทศ

ลำดับที่ ประเภท เลขเรียก/บาร์โค้ด สถานที่ สถานะ
1. นวนิยาย
นวนิยาย
นว. ณ311ม 2551 ฉ.1 
  Barcode: 023589
ห้องสมุดวิทยาเขตสวรรค์ประชารักษ์
►นวนิยาย
บนชั้น
  ขอยืม

BibComment


ยังไม่เคยถูกคอมเมนท์

คอมเมนท์ทรัพยากรรายการนี้
  คอมเมนท์: มายาสิเน่หา ณัฏฐร..


 Copyright 2026. Bcnsprnw @Library